000 00685nam a2200181 4500
001 137868
003 ES-MaACL
005 20230906195445.0
007 t|
008 070214s1926 fr r ||||1| spa d
080 _a179.3
100 1 _aSalt, Henry Stephens (
_d1851-1939)
_9102036
245 1 4 _aLos derechos de los animales en relación con el progreso social /
_cobra escrita en inglés por Henry S. Salt ; traducida al español con destino a las Asociaciones Protectoras de Animales y Plantas de España.
260 _aBayonne :
_b[s. n.],
_c1926 (
_fImp. du `Courrier`)
300 _a71 p. ;
_c20 x 14 cm.
650 0 4 _aAnimales-
_xDerechos.
_99834
852 _aES-MaACL
_j1704-F-7
999 _c137868
_d137868